Statistics for Државе Северне Америке

Click here to take the quiz!

General Stats

  • This quiz has been taken 13 times
  • The average score is 20 of 23

Answer Stats

Држава % Correct
Куба
100%
Хаити
100%
Гватемала
100%
САД
100%
Доминика
100%
Панама
100%
Никарагва
100%
Јамајка
100%
Канада
100%
Мексико
100%
Хондурас
91%
Тринидад и Тобаго
91%
Костарика
91%
Ел Салвадор
91%
Доминиканска Република
91%
Белизе
91%
Бахаме
82%
Барбадос
73%
Сент Винсент и Гренадини
73%
Сент Луција
73%
Антигва и Барбуда
73%
Гренада
64%
Сент Китс и Невис
55%

Score Distribution

Percentile by Number Answered

Percent of People with Each Score

Your Score History

You have not taken this quiz